00484cam a22001452a 4500001000900000003001100009008004300020100003100063245009000094260003700184260001400221260002000235440004200255650004100297 001306 AR-FADEU 311216nsept####xxu####################dd aPugni Reta, María Emilia aInteractividad en el Periodismo digital. Río Negro on line : análisis y propuesta bUniversidad Nacional del Comahue aNeuquén cseptiembre 2006 aLicenciatura en Comunicación Social aPERIODISMO DIGITAL/COMUSOCIAL-TESIS/